000 00307 a2200145 4500
001 178778
020 _a
040 _cMagnum
100 _aAlbergaria, Lino de
240 1 0 _aQuem era ela ?
_lpor
245 1 0 _aQuem era ela ?
362 0 _a1899
697 _aMAGNITO: IJ/AVENTURA, CRIANCAS
942 _cBK
999 _c178778
_d178778